000 01136nam a22003377a 4500
003 CHAP
005 20220329143438.0
008 090911s2007 mx r 00010 spa d
010 _a96729
011 _a97701
020 _a9789708260237
035 _a108371
040 _cCHAP
082 0 4 _a861
_bG16 2007
100 1 _aGarcía Reyes, Luis Antonio.
_946514
245 1 0 _aSur poemas 1967-1980
_c/por Luis Antonio García Reyes
250 _a2 ed.
260 _aToluca, Edo de Méx. :
_bGobierno del Estado de México,
_c2007
300 _a93 p.
490 0 _aBiblioteca Mexiquense del Bicentenario.
_pLecturas de cabecera
_v3
590 _aBATCH-UPD
_b10
_c20130110
_lUCH01
_h1923
590 _aBATCH-UPD
_b10
_c20130410
_lUCH01
_h1248
590 _aBATCH-UPD
_b10
_c20130914
_lUCH01
_h1543
590 _aCONVERSION
_b10
_c20130109
_lUCH01
_h1353
650 1 4 _aLiteratura mexicana.
_967138
650 1 4 _aPoesía mexicana.
_990146
830 0 _aBiblioteca Mexiquense del Bicentenario.
_pLecturas de cabecera
_v3
_912435
901 _aBK
942 _cLIBRO
949 _a861 G16 2007
_bBC
_cLIBRO
_d33724002104173
_eLIBRO
_h111352
_i108371
_sb
999 _c96729
_d96729